Normal view
MARC view
- ELECTRICAL MACHINES.AUTOMATIC CONTROL
Entry Topical Term
001 - CONTROL NUMBER
- control field: 68682
003 - CONTROL NUMBER IDENTIFIER
- control field: NUST
005 - DATE AND TIME OF LATEST TRANSACTION
- control field: 20210628204104.0
008 - FIXED-LENGTH DATA ELEMENTS
- fixed length control field: 210628|| aca||aabn | a|a d
040 ## - CATALOGING SOURCE
- Original cataloging agency: NUST
- Transcribing agency: NUST
150 ## - HEADING--TOPICAL TERM
- Topical term or geographic name entry element: ELECTRICAL MACHINES.AUTOMATIC CONTROL
670 ## - SOURCE DATA FOUND
- Source citation: Work cat.: (NUST): Navani, J.P , Sapra, Sonal 68681, Electrical machines and automatic control, 2012
